| 000 | 00722nam a22002057a 4500 | ||
|---|---|---|---|
| 005 | 20240508124604.0 | ||
| 010 | _aENG-140171 | ||
| 020 |
_c325.00 _a9788119337941 |
||
| 035 | _aEN-123703 | ||
| 037 | _bDBAD | ||
| 082 | _a658.05 | ||
| 245 |
_aDigital Technology for Business Innovation In Iot Era/ _cEdited By T.M Hemalatha; A Saravanakumar [and] M.Surya |
||
| 260 |
_aMadurai _bShanlax Publications, _c2022 |
||
| 270 |
_a61, 66T.P.K. Main Road, Vasantha Nagar, Madurai, Tamil Nadu _bTamil Nadu _e625003 |
||
| 300 |
_a315p. _c25cm(pb) |
||
| 700 |
_aHemalatha, T.M _eEditor _965919 |
||
| 700 |
_a Saravanakumar , A. _eEditor _965920 |
||
| 700 |
_aSurya, M. _eEditor _965921 |
||
| 942 |
_2ddc _cEN _h658.05 |
||
| 999 |
_c202207 _d202207 |
||